CHILD RIGHTS AND THE LAW (Record no. 10148)

MARC details
000 -LEADER
fixed length control field 00321nam a22001457a 4500
003 - CONTROL NUMBER IDENTIFIER
control field SGT
020 ## - INTERNATIONAL STANDARD BOOK NUMBER
International Standard Book Number 9789350351499
082 ## - DEWEY DECIMAL CLASSIFICATION NUMBER
Classification number 346.540135,KHA
100 ## - MAIN ENTRY--PERSONAL NAME
Personal name KHAN,NUZHAT PARVEEN
245 ## - TITLE STATEMENT
Title CHILD RIGHTS AND THE LAW
260 ## - PUBLICATION, DISTRIBUTION, ETC. (IMPRINT)
Place of publication, distribution, etc NEW DELHI
Name of publisher, distributor, etc UNIVERSAL
300 ## - PAGE DESCRIPTION
No. of Pages 546
650 ## - SUBJECT ADDED ENTRY--TOPICAL TERM
Topical term or geographic name as entry element PRIVATE LAW
942 ## - ADDED ENTRY ELEMENTS (KOHA)
Source of classification or shelving scheme Dewey Decimal Classification
Koha item type Books
942 ## - ADDED ENTRY ELEMENTS (KOHA)
-- 2
Holdings
Withdrawn status Lost status Source of classification or shelving scheme Damaged status Not for loan Collection code Home library Current library Shelving location Date acquired Vendor Name Cost, normal purchase price SGTU Bill Number Full call number Accession No. (Barcode) Date last seen Bill Date Koha item type Total Checkouts Total Renewals Date last borrowed
    Dewey Decimal Classification   Not For Loan LAW SGT Science & Social Sciences Library SGT Science & Social Sciences Library Reference Book 09/12/2016 TECHNOCAL BUREAU INDIA 595.00 SGTU 2002 346.540135,KHA FL1156 09/12/2016 26/09/2012 Books      
    Dewey Decimal Classification     LAW SGT Science & Social Sciences Library SGT Science & Social Sciences Library Text Book 09/12/2016 TECHNOCAL BUREAU INDIA 595.00 SGTU 2002 346.540135,KHA FL1157 25/06/2025 26/09/2012 Books 11 3 11/06/2025